Normal view
MARC view
Entry Personal Name
001 - CONTROL NUMBER
- control field: 13663
003 - CONTROL NUMBER IDENTIFIER
- control field: BD-DhEWU
005 - DATE AND TIME OF LATEST TRANSACTION
- control field: 20140629101453.0
008 - FIXED-LENGTH DATA ELEMENTS
- fixed length control field: 140629|| aca||aabn | a|a d
040 ## - CATALOGING SOURCE
- Original cataloging agency: BD-DhEWU
- Transcribing agency: BD-DhEWU
100 ## - HEADING--PERSONAL NAME
- Personal name: Soule, Lesley Wade,
- Dates associated with a name: 1949-
670 ## - SOURCE DATA FOUND
- Source citation: Work cat.: (BD-DhEWU)5145: Soule, Lesley Wade, 1949-, As you like it /, 2005.